| 000 | 00594nam a2200121Ia 4500 | ||
|---|---|---|---|
| 008 | 220615s9999||||xx |||||||||||||| ||und|| | ||
| 245 | 0 |
_aEmpowering Civil Society in the Industrial Revolution 4.0 _bProceedings of the 1st International Conference on Citizenship Education and Democratic Issues (ICCEDI 2020), Malang, Indonesia, October 14, 2020 |
|
| 546 | _aEnglish[eng] | ||
| 650 | _ademocracy||development sustainability | ||
| 700 | _aAwaliyah, Siti||Carey, Peter B.R.||Lane, Max||Fei, Chen | ||
| 856 | _uhttps://library.oapen.org/bitstream/20.500.12657/50897/1/9781000468229.pdf | ||
| 942 | _cEB | ||
| 999 |
_c13220 _d13220 |
||